Statistiques concernant Anagrammes villes du Royaume Uni

Cliquez ici pour prendre le quiz!

Statistiques générales

  • Ce quiz a été pris 258 fois
  • Le résultat moyen est 12 sur 16

Statistiques - réponses

AnagrammeVille% Correct
FORDOXOxford
95%
THABBath
94%
HABRIMMINGBirmingham
90%
BRICAMGEDCambridge
88%
WAGGLOSGlasgow
86%
DELESLeeds
83%
LENDORSLondres
83%
DIFFRACCardiff
82%
KROYYork
80%
POROVILLELiverpool
75%
HACREMENTSManchester
71%
DENUDEDundee
60%
BLITROSBristol
58%
BORDIGUMEEdimbourg
57%
BENARDEEAberdeen
49%
FABLETSBelfast
47%

Distribution des résultats

Percentile par nombre de réponses

% des personnes avec chaque résultat

Votre développement - résultats

Vous n’avez pas pris ce quiz